000 00690cab a2200217 4500
001 WB3223-35
008 090401t1996 xxu||||| |||| 00| 0 eng d
035 _a(Sirsi) u27754
041 _aeng
245 _aProject management guide
260 _c1996
350 _a0
490 _aContract Journal
_v384(6078) 6 June 1996, 7(1)
520 _aThe Construction Industry Council`s "Project management skills in the construction industry" outlines basic skills required by project managers.
650 _aCERTIFICATION SCHEMES
650 _aPROFESSIONAL SKILLS
650 _aMANAGEMENT-PROJECT MANAGEMENT
690 _aProject management
_96261
942 _n0
948 _c04/03/1997
999 _c18698
_d18698